| 000 | 01334nam a2200349 i 4500 | ||
|---|---|---|---|
| 001 | 169295 | ||
| 003 | ES-MaACL | ||
| 005 | 20250707035513.0 | ||
| 008 | 080829s2007 sp |||| | spa d | ||
| 017 | _aM-9.640-2007 | ||
| 020 | _a978-84-309-4519-1 | ||
| 080 | _a342.2(02)"15" | ||
| 080 | _a341.3(02)"15" | ||
| 080 | _a341(02)"15" | ||
| 100 | 1 |
_aVitoria, Francisco de. _9115517 |
|
| 245 | 1 | 0 |
_aSobre el poder civil _b; Sobre los indios ; Sobre el derecho de la guerra / _cFrancisco de Vitoria ; estudio preliminar, traducción y notas de Luis Frayle Delgado ; comentario crítico de José-Leandro Martínez-Cardós Ruiz. |
| 250 | _a2ª ed. | ||
| 260 |
_aMadrid : _bTecnos, _c2007. |
||
| 300 |
_aLXXXI, 212 p. : _b ; _c20 m. |
||
| 490 | 1 | _aClásicos del pensamiento | |
| 504 | _aBibliografía. | ||
| 650 | 1 | 4 |
_aEstado- _xObras anteriores a 1800. _9138394 |
| 650 | 1 | 4 |
_aGuerra (Derecho internacional)- _xObras anteriores a 1800. _9138395 |
| 650 | 1 | 4 |
_aDerecho internacional- _xObras anteriores a 1800. _9138396 |
| 700 | 1 |
_aFrayle Delgado, Luis. _9138397 |
|
| 700 | 1 |
_aMartínez-Cardós Ruiz, José-Leandro. _9138398 |
|
| 740 | 0 | _aSobre los indios. | |
| 740 | 0 | _aSobre el derecho de la guerra. | |
| 830 | 0 | 0 |
_aClásicos del pensamiento _9177261 |
| 852 | 4 |
_aES-MaACL _jL-29646 _9R.142928 |
|
| 999 |
_c169295 _d169295 |
||